Quiz sur la Palestine - Statistiques

Statistiques générales
  • Ce quiz a été pris 355 fois
    219 depuis la dernière actualisation
  • Le résultat moyen est 10 sur 18
Statistiques - réponses
Hint Réponse % Correct
Les deux territoires de la région communément appelée Palestine aujourd'hui Gaza
94%
Pays qui bordent ces territoires Israël
89%
Parti qui règne sur le territoire # 2 Hamas
86%
Pays qui bordent ces territoires Jordanie
84%
Pays qui bordent ces territoires Egypte
83%
Les deux territoires de la région communément appelée Palestine aujourd'hui Cisjordanie
82%
Pays qui avait un "mandat" pour gouverner la Palestine de 1922 à 1947 Royaume-Uni
74%
Empire qui contrôlait la Palestine de 1516 à 1922 Empire Ottoman
57%
Capitale actuelle de facto de la Palestine Ramallah
54%
Lieu de naissance de Jésus selon la Bible Bethléem
52%
Nom de la plus grande mosquée de Jérusalem Al {Aqsa}
39%
Président de l'OLP de 1969 à 2004 Yasser Arafat
39%
Parti qui dirige le gouvernement du territoire # 1 Fatah
32%
Projet de capitale d'un futur État palestinien Jérusalem Est
32%
Plus vieille ville en Palestine, et sûrement du monde entier Jericho
28%
Président actuel de l'Autorité nationale palestinienne (ANP) Mahmoud Abbas
27%
Nom de la zone à l'âge du bronze (commence par C) Canaan
26%
Ville la plus peuplée du territoire contrôlé par l‘ANP Hébron
18%
Aucun quiz correspondant
Distribution des résultats
% des personnes avec chaque résultat
Percentile par nombre de réponses
Votre historique - résultats
Vous n’avez pas pris ce quiz depuis la dernière actualisation